La sociología científica: teoría y método /

Se desarrolla una base metodológica para el conocimiento científico acumulativo en el campo de la sociología. Se parte de la premisa de que no existen leyes científicas de la sociedad. En el primer apartado, se aborda la necesidad de tales leyes y el fracaso de los intentos realizados para formularl...

Descripció completa

Guardat en:
Dades bibliogràfiques
Autor principal: Willer, David
Format: Text
Idioma:Spanish
Publicat: Buenos Aires : Amorrortu
Matèries:
Etiquetes: Afegir etiqueta
Sense etiquetes, Sigues el primer a etiquetar aquest registre!

MARC

LEADER 00000 a a2200000 04500
001 39139
003 cru CIDCACS/IIS
005 20221026111449.0
008 170518b xxu||||| |||| 00| 0 spa d
020 |a 84-610-1001-9  
040 |c CIDCACS/IIS 
090 |a SO05.01.01 W689s  
100 |a Willer, David  
245 |a La sociología científica:   |b teoría y método /   |c David Willer 
260 |a Buenos Aires :   |b Amorrortu  
300 |a 196 páginas 
520 |a Se desarrolla una base metodológica para el conocimiento científico acumulativo en el campo de la sociología. Se parte de la premisa de que no existen leyes científicas de la sociedad. En el primer apartado, se aborda la necesidad de tales leyes y el fracaso de los intentos realizados para formularlas. Posteriormente, se examina la aptitud de ciertos métodos de investigación y de la “teoría” sociológica convencional para el progreso del conocimiento acumulativo. En el siguiente capítulo se exponen las ideas básicas de método del modelo teórico que sugieren el desarrollo de la teoría sociológica mediante modelos. Seguido, se refiere a los medios de construir modelos de conceptos que conduzcan a criterios científicamente útiles de los fenómenos sociales. El siguiente apartado, se centra en los sistemas formales de hipótesis o teorías, su formulación y su relación con el modelo. En el capítulo 5 se abordan los problemas afines a la medición y se finaliza con el análisis de una forma de validación que puede aportar universales de carácter condicional.  
650 0 |9 2081  |a SOCIOLOGIA 
650 4 |9 1930  |a INVESTIGACION 
650 1 0 |9 2524  |a METODOS DE INVESTIGACION 
650 1 0 |9 5250  |a MEDICION 
650 1 0 |9 4171  |a TEORIA SOCIOLOGICA 
942 |2 ddc  |c LI 
999 |c 13755  |d 13755